| 000 | 00389nam a2200157Ia 4500 | ||
|---|---|---|---|
| 008 | 230917s9999||||xx |||||||||||||| ||und|| | ||
| 020 | _cRSF40 | ||
| 040 |
_e23172 _aMAIN |
||
| 041 | _aEnglish | ||
| 082 | _a330.1 T841T | ||
| 100 | _aTheil, Henri | ||
| 245 | 0 | _aTheory and measurement of consumer demand | |
| 260 |
_aOxford _bNorth-Holland _c1975 |
||
| 300 | _axi, 335 p. | ||
| 942 | _cBK | ||
| 999 |
_c208338 _d208338 |
||